00501nam a2200193 a 4500001001300000003000900013005001700022008004100039020001000080082001300090100002800103245003100131260004000162300000800202500003500210505001100245650002300256700002800279nice12345678IN_TiNIC20260116011642.0050524s1978 luca grp 000 0 urd  ac10000a297bSAM aSambhali, Atiqur Rahman aAl-Furaqans English Digest aLucknowbAlfurqan Publicationc1978 a61p aincludes index and biblioraphy2 aerrata aIslam-Meccan Trade1 aSambhali, Atiqur Rahman